• 首页
  • 本馆介绍
  • 公告通知
  • 最新文献
  • 馆藏检索
  • 电子资源
  • 读者导购
  • 参考咨询
  • 我的图书馆
  • 登录
  • 详细信息显示
  • 放入我的书架
  • 预约/预借图书
  • 作者相关作品
  • 分类相关作品
  • 丛书相关作品
  • 出版社相关作品

书目信息

  • 表格格式
  • 工作单格式
  • 卡片格式
题名:
幼儿园教育指导纲要
    
 
作者: ;中华人民共和国教育部制订
分册:  
出版信息: 北京   北京师范大学出版社  2001
页数: 33页
开本: 24cm
丛书名:
单 册:
中图分类: G619.21
科图分类:
主题词: 学前教育--教育改革--文件--中国
电子资源:
ISBN: 7-303-05958-X
000 00684nam0 2200205 45
001 0309231005
005 20031219104116.0
010    @a7-303-05958-X@dCNY3.00
100    @a20030923d2001 km y0chiy0120 ea
101 0  @achi
105    @a z 000yy
200 1  @a幼儿园教育指导纲要@AYou Er Yuan Jiao Yu Zhi Dao Gang Yao@e试行@EShi Xing@f中华人民共和国教育部制订@FZhong Hua Ren Min Gong He Guo Jiao Yu Bu Zhi Ding
210    @a北京@c北京师范大学出版社@d2001
215    @a33页@d24cm
517    @a试行@AShi Xing
606 0  @a学前教育@x教育改革@x文件@y中国
690    @aG619.21@v4
711 02 @a中华人民共和国教育部制订
801    @aCN@bTSTC@c20030923
905    @b326179-183@dG619.21@e50@f5
    
    幼儿园教育指导纲要:试行/中华人民共和国教育部制订.-北京:北京师范大学出版社,2001
    33页;24cm
    
    
    ISBN 7-303-05958-X:CNY3.00
    
●
相关链接 在E读中查询图书 在五车中查询图书 在当当中查询图书 在豆瓣中查询图书


正题名:幼儿园教育指导纲要     索取号:G619.21/50         预约/预借

序号 登录号 条形码 馆藏地/架位号 状态 备注
1 0326179   203261790   第四借阅区/ [索取号:G619.21/50] 在馆    
2 0326180   203261807   教育系资料室/ [索取号:G619.21/50] 在馆    
3 0326181   203261816   第四借阅区/ [索取号:G619.21/50] 在馆    
4 0326182   203261825   教育系资料室/ [索取号:G619.21/50] 在馆    
5 0326183   203261834   第一样本阅览室/ [索取号:G619.21/50] 在馆    
唐山师范学院图书馆 欢迎您!
大连网信软件有限公司© 版权所有